The universe of colour (Record no. 11943)

MARC details
000 -LEADER
fixed length control field 00592nam a2200181Ia 4500
003 - CONTROL NUMBER IDENTIFIER
control field IN-BaIIA
008 - FIXED-LENGTH DATA ELEMENTS--GENERAL INFORMATION
fixed length control field 211028s9999 xx 000 0 eng d
040 ## - CATALOGING SOURCE
Transcribing agency IIA Library
080 ## - UNIVERSAL DECIMAL CLASSIFICATION NUMBER
Universal Decimal Classification number 535.6
Item number CHA
100 ## - MAIN ENTRY--PERSONAL NAME
Personal name Chakravarthi, T. P
9 (RLIN) 20775
245 #4 - TITLE STATEMENT
Title The universe of colour
Remainder of title modern western and ancient Indian perspective
Statement of responsibility, etc. T. P Chakravarthi
260 ## - PUBLICATION, DISTRIBUTION, ETC.
Place of publication, distribution, etc. Calcutta
Name of publisher, distributor, etc. Patual Chakravarthi
Date of publication, distribution, etc. 1978
300 ## - PHYSICAL DESCRIPTION
Extent xxxviii, 462p.
650 ## - SUBJECT ADDED ENTRY--TOPICAL TERM
Topical term or geographic name entry element Colour blindness
9 (RLIN) 20776
650 ## - SUBJECT ADDED ENTRY--TOPICAL TERM
Topical term or geographic name entry element Colour sensation
9 (RLIN) 20777
650 ## - SUBJECT ADDED ENTRY--TOPICAL TERM
Topical term or geographic name entry element Colour vision
9 (RLIN) 13312
942 ## - ADDED ENTRY ELEMENTS (KOHA)
Koha item type Books
Holdings
Withdrawn status Lost status Damaged status Not for loan Home library Current library Shelving location Date acquired Total Checkouts Full call number Barcode Date last seen Price effective from Koha item type
        IIA Library-Bangalore IIA Library-Bangalore General Stacks 05/12/1996   535.6/ CHA 12859 05/11/2021 05/12/1996 Books

Powered by Koha